MDQL
is popping MORE tags! Check the
thread
!
Quizzes
Events
Quiz Creation
Community
Videos
Private Events
Remove Ads
Sign In
Join for FREE
Feedback
Dark Mode
Quiz Categories
Sports
Geography
Music
Movies
Television
Just For Fun
Miscellaneous
History
Literature
Language
Science
Gaming
Entertainment
Religion
Holiday
For Kids
Quiz Lab
Recent
Popular Today
Quiz Kudos Today
Editor Picks
Curator Picks
Quizzes by...
Day
Popularity
Type
Ratings
Length
Year
Community
Subscriptions
Recent Discussions
Orange Saloon
Badges
Playlists
Quests
Create
Leaderboards
Showdown
Live 5
Trivia Bingo
Activity
Puzzle Library
Sporcle Events
Private Events
Virtual Trivia
Globe League
Become a Host
Pub Owners
SporcleCon
Opinionation
Our Games
Videos
Blog
Mobile Apps
Partnerships
Remove Ads and Go Orange
Feedback
Music
Pop Music
The Beatles
Song
Album
Lyrics
Bands
Singers
Artist
Clip
Rock
Rap
Classical
Billboard
Country Music
Kpop
Taylor Swift
Music
Pop Music
The Beatles
Song
Album
Lyrics
Bands
Singers
Artist
Clip
Rock
Rap
Classical
Billboard
Country Music
Kpop
Taylor Swift
Random Quiz
Search Sporcle
×
Quiz Lab
Quiz Lab
Music
Lyrics
Type in answers that appear in a list
Type in answers that appear in a list
Classic
Best Score? Go Orange.
Timing Is Everything Stats
Can you name the song titles involving time or timing?
By
myssanthrope
8m
38 Questions
38 Plays
38 Plays
38 Plays
Comments
Comments
Give Quiz Kudos
Give Quiz Kudos
-
- Ratings
hide this ad
Random Order
Randomize order of answers
Randomize order of answers
Replay
Link that replays current quiz
Next Quiz
Link to next quiz in quiz playlist
You Got
0%
They Got
Avg Score
21%
Avg Friend Score
Upgrade to see
Score Distribution
Jump to the score distribution portion of the page
Score
0/38
Timer
08:00
0
Plays Today
Lyric
Song
% Correct
'Cause tomorrow's just another day.
Time
78.9%
It's something unpredictable but in the end it's right.
Good Riddance (Time of Your Life)
68.4%
Now the party don't start 'til I walk in.
Tik Tok
68.4%
If you're lost you can look and you will find me.
Time After Time
63.2%
One, two, three o'clock, four o'clock rock.
Rock Around the Clock
52.6%
If you want it, you already got it.
4 Minutes
44.7%
The lights go out and I can't be saved.
Clocks
44.7%
I know who I want to take me home.
Closing Time
39.5%
I'm standing here until you make me move.
Hangin' by a Moment
36.8%
Baby, well I can't help but be scared of it all sometimes.
3 A.M.
26.3%
You're the reason I believe in love.
From This Moment
26.3%
L.A. proved too much for the man.
Midnight Train to Georgia
23.7%
Yeah it's overwhelming, but what else can we do?
Time to Pretend
21.1%
I stopped to see a weeping willow crying on his pillow.
Walking After Midnight
21.1%
You may ask yourself, well, how did I get here?
Once in a Lifetime
18.4%
You must remember this, a kiss is still a kiss.
As Time Goes By
18.4%
I'm gonna take you girl and hold you, do all the things I told you.
In the Midnight Hour
15.8%
You take all my money, can't even call a player back.
Wait A Minute
13.2%
You just have to see her, you know that she'll break you in two.
Sometime Around Midnight
10.5%
Lyric
Song
% Correct
You learn to live again.
Times Like These
10.5%
It's not that simple, it's never that simple.
First Time
10.5%
Don't say that later will be better.
Stuck in a Moment
10.5%
Silent night for the rest of my life.
Devil in a Midnight Mass
7.9%
Sweetness never suits me when I get it up to take you home.
Midnight Coward
7.9%
Sanctus Espiritus!
Our Solemn Hour
7.9%
Supercalifragilistic, kiss me in the futuristic.
Right On Time
7.9%
All you've gotta do is call and I'll be there.
Any Time At All
7.9%
We'll make the clock stop, make your heart drop and come alive.
Five Minutes to Midnight
7.9%
One mississippi, two mississippi, three mississippi, four.
Four Seconds
7.9%
So just pick your head up boy and walk away.
Breakfast After Ten
5.3%
I don't give you a hoot of warning wrapped up in a black cat cloak.
Midnight Rambler
5.3%
I can keep a secret if you can.
Midnight Romance
5.3%
Somebody's going to emergency, somebody's going to jail.
New York Minute
5.3%
And I am short on words knowing what's occurred.
Ungodly Hour
5.3%
I'd sing you a song but I'm feeling quite off in my heart.
Not a Second to Waste
5.3%
Just put back the car keys or somebody's gonna get hurt.
The Moment I Said It
5.3%
They say that music can alter moods and talk to you.
Sing for the Moment
5.3%
Running through the underground, and this is your warning.
4 Minute Warning
5.3%
Quiz Playlist
Details
Report
Send in Message
Add To Playlist
Classic:
Type in answers that appear in a list
Random Order:
Randomize order of answers
Last Updated: Feb 16, 2017
Quiz Scoreboard
CHALLENGE
Sign Up to Join the Scoreboard
Show All
Scores
Hide
Comments
May contain spoilers
Recently Published
Image Sorting: Flags VI
by Barbecue
Geography
2m
Find the 'City' Movie
by crazypaving
Movies
60s
Colored Red Africa Blitz
by spor1
Geography
45s
More to Explore
Quiz From the Vault
Featured Blog Post
14 Easter Pick-up Lines to Find Eggs With
hide this ad
You Might Also Like...
Tags
Artist Quiz
Lyrics Quiz
Song Quiz
Everything
Timing
Today's Top Quizzes in Music
Browse Music
hide this ad
Today's Top Quizzes in Lyrics
Browse Lyrics
Top Contributed Quizzes in Music
1
5X2 Blitz: Bands II
2
5X2 Blitz: The Beatles
3
Taylor Swift All Songs (2024)
4
5X2 Blitz: Billboard
5
5X2 Blitz: Billboard II
6
5X2 Blitz: Album
7
5X2 Blitz: Rock
8
5X2 Blitz: Singers
9
Taylor Swift Logic Puzzle II
10
5X2 Blitz: Lyrics
Explore More
Trending Topics
Crossword
Anime
Disney
Harry Potter
Kpop
NBA
Marvel
The Office
Puzzle
NFL
WWE
Soccer
Song
Pokémon
Country
hide this ad
More By:
myssanthrope
Quiz
Plays
Rating
Category
Featured
Created
Guess the Lyrics #1
659
3.73
Music
Jul 1, 2010
Not Fade Away (Angel quotes)
139
5.00
Television
Jul 10, 2010
Timing Is Everything
38
4.67
Music
May 9, 2010
Go to Creator's Profile
Score Distribution
Quiz Creator Spotlight
myssanthrope
Follow
Send a Message
Quizzes Created
-
Created Quiz Play Count
-
More By This Creator
Popular Quizzes Today
1
Colored Red Africa Blitz
2
Find the US States - No Outlines Minefield
3
Find the 'City' Movie
4
5x2 Blitz: Bands
5
The Countries of the World
6
Find the US States
7
Find the Countries of Europe - No Outlines Minefield
8
US States
More Music Quizzes
Name All TWICE Songs (2021) [UPDATED SEPTEMBER 2021]
Quiz Lab
Trending Quizzes
Colored Red Europe Blitz I
Colored Red Europe Blitz II
Colored Red Africa Blitz II
Colored Red Europe Blitz III
Colored Red Africa Blitz III
Recently Updated
How Do You Spell That?
pecheneg
Godzilla Movies
pecheneg
Grab Bag: 4-10 Letters
pecheneg
2024 March Madness Bracket
pecheneg
Famous TV Couples
Peacemaker
Champions League XIs: Real Madrid
pecheneg
Largest US Cities 1790-2010
pecheneg
Rides in Walt Disney World
pecheneg
Most Oscar Losses (Acting)
pecheneg
Beyoncé Albums
pecheneg
Trending Topics
NBA
Marvel
Crossword
Harry Potter
Disney
Kpop
Anime
Country
Song
Puzzle
WWE
The Office
Soccer
Pokémon
NFL
Your Account Isn't Verified!
In order to create a playlist on Sporcle, you need to verify the email address you used during registration. Go to your
Sporcle Settings
to finish the process.
Report this User
Report this user for behavior that violates our
Community Guidelines
.
Details:
Send Report
Go to the Sporcle.com Mobile Site →
Comments